LEADER 00906nam a2200253 i 4500 001 991000378019707536 005 20020527111832.0 008 010810s1970 it ||| | ita 035 $ab10068788-39ule_inst 035 $aPARLA220581$9ExL 040 $aDip.to Filosofia$bita 082 0 $a457.7303 100 1 $aVolpe, Pietro Paolo$0450800 245 10$aVocabolario napolitano-italiano /$cPietro Paolo Volpe 260 $aBologna :$bForni,$c1970 300 $aLV, 438 p. ;$c17 cm. 500 $aRipr. facs. dell'ed.: Napoli, 1869 650 4$aDialetti campani - Napoli$xDizionari 907 $a.b10068788$b21-09-06$c27-06-02 912 $a991000378019707536 945 $aLE005 MF 39 F 13$g1$iLE005A-12453$lle005$o-$pE0.00$q-$rn$so $t0$u0$v0$w0$x0$y.i10077492$z27-06-02 996 $aVocabolario napolitano-italiano$9147119 997 $aUNISALENTO 998 $ale005$b01-01-01$cm$da $e-$fita$git $h0$i1 LEADER 02376nas 22006973a 450 001 9910263951503321 005 20230224213018.0 011 $a1542-0361 035 $a(DE-599)ZDB2157098-X 035 $a(OCoLC)50742226 035 $a(CKB)991042728194604 035 $a(CONSER)--2002215205 035 $a(EXLCZ)99991042728194604 100 $a20021007a20039999 s-- a 101 0 $aeng 135 $aurcnu|||||||| 181 $ctxt$2rdacontent 182 $cc$2rdamedia 183 $acr$2rdacarrier 200 10$aJournal of map & geography libraries 210 $aBinghamton, N.Y. $cHaworth Press 300 $aRefereed/Peer-reviewed 311 $a1542-0353 517 3 $aJournal of map and geography libraries 531 $aJOURNAL OF MAP AND GEOGRAPHY LIBRARIES 531 $aJ MAP GEOGR LIBR 606 $aMap collections$vPeriodicals 606 $aGeography libraries$vPeriodicals 606 $aGeographic information systems$vPeriodicals 606 $aCartothèques$vPériodiques 606 $aGéographie$xBibliothèques$vPériodiques 606 $aSystèmes d'information géographique$vPériodiques 606 $aGeographic information systems$2fast$3(OCoLC)fst00940423 606 $aGeography libraries$2fast$3(OCoLC)fst00940562 606 $aMap collections$2fast$3(OCoLC)fst01008662 606 $aSystème d'information géographique$2rasuqam 606 $aGéographie$2rasuqam 606 $aBibliothèque$2rasuqam 606 $aCartothèque$2rasuqam 608 $aPeriodicals.$2fast 608 $aPériodique électronique (Descripteur de forme)$2rasuqam 608 $aRessource Internet (Descripteur de forme)$2rasuqam 610 $aLibrary & Information Science 615 0$aMap collections 615 0$aGeography libraries 615 0$aGeographic information systems 615 6$aCartothèques 615 6$aGéographie$xBibliothèques 615 6$aSystèmes d'information géographique 615 7$aGeographic information systems. 615 7$aGeography libraries. 615 7$aMap collections. 615 7$aSystème d'information géographique. 615 17$aGéographie. 615 7$aBibliothèque. 615 17$aCartothèque. 676 $a910 906 $aJOURNAL 912 $a9910263951503321 996 $aJournal of map & geography libraries$92251604 997 $aUNINA